| 000 | 00423nam a2200181Ia 4500 | ||
|---|---|---|---|
| 001 | 3327 | ||
| 005 | 20260306145635.0 | ||
| 008 | 260306t1985||||xx |||||||||||||| ||spa|| | ||
| 041 | _aESP | ||
| 082 |
_a270 _bC28 V. 1 |
||
| 100 |
_aCarroll, Warren H. _eAUT |
||
| 245 | 4 | _aThe founding of Christendom | |
| 260 | _c1985 | ||
| 300 |
_a605 páginas : _c23 cm. |
||
| 650 | _aGEN | ||
| 654 | _aCHU | ||
| 942 |
_cLIB _dJUS _fJUS _2ddc _n |
||
| 999 |
_c3327 _d3327 |
||